000 00259nam a22000977a 4500
008 230626b xxu||||| |||| 00| 0 eng d
082 _a331.59
_bREI
245 _aEmployment Provisions for Disabled Persons in Selected Countries
300 _a52p
942 _2ddc
_cBK
999 _c2739
_d2739